000 00888nam a2200253 i 4500
001 12630
003 KOSZ 005
005 20200424120441.0
008 070722s1970 pl a f 001 0 pol
015 _aPB 1970/2924
040 _aWA N
_cKOSZ 005/RW
_dKOSZ 005/RW
080 _a621.396.6:621.397
100 1 _aSuchanek, Adam
_c(radiotechnika)
_eAutor
245 1 0 _aPodstawy radiotechniki i telewizji /
_cAdam Suchanek.
260 _aWarszawa :
_bWydawnictwa Komunikacji i Łączności,
_c1970.
300 _a462, [2] s., 1 k. tabl. :
_bil. ;
_c23 cm.
380 _aKsiążki.
504 _aBibliogr. s. [456]. Indeks.
650 4 _aRadiotechnika
650 4 _aTelewizja
710 2 _aWydawnictwa Komunikacji i Łączności.
_4pbl.
856 _uhttp://koha.tu.koszalin.pl/cgi-bin/koha/opac-detail.pl?biblionumber=12630
_yKatalog online BPK
942 _2UKD
_cKS
999 _c12630
_d12630